000 00379nam a22001457a 4500
005 20231114052306.0
008 231114b |||||||| |||| 00| 0 eng d
082 _222
_a305
_bWOM
245 _aWomen in post- independence Srilanka
250 _a1st.
260 _aNew delhi :
_bVijitha yapa publication
_c2002
300 _a371 p.
700 _aJayawardhana, Swarana.
_eedt
942 _cL
999 _c8
_d8